|
|
|
|
| LEADER |
01218nam a2200325 a 4500 |
| 001 |
35732 |
| 003 |
BD-DhAAL |
| 005 |
20211129152606.0 |
| 008 |
190919t1993 enk 001 0 eng |
| 999 |
|
|
|c 41323
|d 41323
|
| 010 |
|
|
|a 92030480
|
| 020 |
|
|
|a 041508928X
|
| 020 |
|
|
|a 9780415089289
|
| 040 |
|
|
|a DLC
|c DLC
|d DLC
|d BD-DhAAL
|
| 043 |
|
|
|a e-uk---
|
| 050 |
0 |
0 |
|a LB1564.G7
|b G72 1993
|
| 082 |
0 |
0 |
|a 375.00941
|2 20
|
| 100 |
1 |
|
|a Graham, Duncan,
|d 1936-
|9 34926
|
| 245 |
1 |
2 |
|a A lesson for us all :
|b the making of the national curriculum /
|c Duncan Graham with David Tytler.
|
| 260 |
|
|
|a London ;
|a New York :
|b Routledge,
|c 1993.
|
| 300 |
|
|
|a 160 pages ;
|c 23 cm.
|
| 500 |
|
|
|a Includes index.
|
| 526 |
|
|
|a BIED
|
| 541 |
|
|
|a Complimentary copy from BIED
|e 35732
|
| 650 |
|
0 |
|a Education
|x Curricula
|z Great Britain.
|9 34927
|
| 650 |
|
0 |
|a Education and state
|z Great Britain.
|9 34928
|
| 700 |
1 |
|
|a Tytler, David,
|d 1941-
|9 34929
|
| 852 |
|
|
|a Ayesha Abed Library
|c BIED Collection
|
| 942 |
|
|
|2 ddc
|c BK
|
| 952 |
|
|
|0 0
|1 0
|2 ddc
|4 0
|6 375_009410000000000_GRA
|7 0
|9 66416
|a BRACUL
|b BRACUL
|c GEN
|d 2019-09-19
|e Complimentary copy from BIED
|l 0
|o 375.00941 GRA
|p 3010035732
|r 2019-09-19
|t 1
|w 2019-09-19
|y BK
|x Transferred from BIED to General Stacks
|